000 00963nam a2200313 a 4500
001 54400
003 BD-RjUL
005 20211209080120.0
008 161106s2005 ii a 001 0 eng d
020 _a8126505214 :
035 _a(BD-RjUL)54522
040 _aTEF
_cTEF
_dBD-RjUL
_beng
041 _aeng
082 0 4 _a005.362
_223
_bCOP 2005
100 1 _aConverse, Tim
_9162326
245 1 0 _aPHP5 and MySQL bible /
_cTim Converse, Joyce Park with Clark Morgan.
260 _aIndia :
_bWiley,
_cc2004 [ Reprint 2005] .
300 _axxxvii, 1042 p. :
_bill. ;
_c24 cm.
490 _aBible
500 _aIncludes Index.
650 0 _aPHP (Computer program language)
_9117586
650 0 _aSQL (Computer program language)
_9162327
650 0 _aDocument markup languages.
_9162328
650 0 _aWeb sites
_xAuthoring programs.
_9162329
700 1 _aPark, Joyce
_9162330
700 1 _aMorgan, Clark
_9162331
830 _aBible.
_9196412
942 _2ddc
_cBK
999 _c54400
_d54400